Normal view
MARC view
- Fawkes, A.J Owen, D.R.J
Entry Personal Name
001 - CONTROL NUMBER
- control field: 76895
003 - CONTROL NUMBER IDENTIFIER
- control field: NUST
005 - DATE AND TIME OF LATEST TRANSACTION
- control field: 20210628205735.0
008 - FIXED-LENGTH DATA ELEMENTS
- fixed length control field: 210628|| aca||aabn | a|a d
040 ## - CATALOGING SOURCE
- Original cataloging agency: NUST
- Transcribing agency: NUST
100 ## - HEADING--PERSONAL NAME
- Personal name: Fawkes, A.J Owen, D.R.J
670 ## - SOURCE DATA FOUND
- Source citation: Work cat.: (NUST): Fawkes, A.J Owen, D.R.J, Engineering fracture mechanics numerical method and applications, 1983
